Στρατηγική των Επιχειρήσεων / Ελληνική και Διεθνής Εμπειρία. (Record no. 5081)
[ view plain ]
| 000 -LEADER | |
|---|---|
| fixed length control field | 02521cam a22002054a 4500 |
| 005 - ΗΜΕΡΟΜΗΝΙΑ ΚΑΙ ΩΡΑ ΤΕΛΕΥΤΑΙΑΣ ΕΝΗΜΕΡΩΣΗΣ | |
| Πεδίο ελέγχου | 20250827124629.0 |
| 008 - FIXED-LENGTH DATA ELEMENTS--GENERAL INFORMATION | |
| Πεδίο ελέγχου σταθερού μήκους | 250528s ||||||||||||||||||||||||d |
| 035 ## - SYSTEM CONTROL NUMBER | |
| System control number | 19835 |
| 020 ## - ISBN | |
| ISBN | 9603590592 |
| 040 ## - ΠΗΓΗ ΚΑΤΑΛΟΓΟΓΡΑΦΗΣΗΣ | |
| Φορέας πρωτότυπης καταλογογράφησης | MC Athens Campus Library |
| Γλώσσα καταλογογράφησης | Ελληνικά, Μοντέρνα (1453-) |
| Modifying agency | MC Athens Campus Library |
| Κανόνες περιγραφικής καταλογογράφησης | AACR2 |
| 245 1# - ΤΙΤΛΟΣ ΚΑΙ ΔΗΛΩΣΗ ΥΠΕΥΘΥΝΟΤΗΤΑΣ | |
| Τίτλος | Στρατηγική των Επιχειρήσεων / Ελληνική και Διεθνής Εμπειρία. |
| Number of part/section of a work | Τόμος Α' - Θεωρία |
| 250 ## - EDITION STATEMENT | |
| Edition statement | 5η |
| 260 ## - PUBLICATION, DISTRIBUTION, ETC. | |
| Name of publisher, distributor, etc. | Ε. Μπένου, |
| Date of publication, distribution, etc. | 1999 |
| 300 ## - PHYSICAL DESCRIPTION | |
| Extent | 500 |
| 520 ## - SUMMARY, ETC. | |
| Summary, etc. | Το βιβλίο εστιάζεται στον εννοιολογικό χώρο της Επιχειρησιακής Στρατηγικής και της λήψης Στρατηγικών Αποφάσεων. Πρόλογος, Εισροές για Εκκίνηση Στρατηγικής Σκέψης, Τι Είναι Στρατηγική, Στρατηγική Ανάλυση του Εξωτερικού Περιβάλλοντος, Στρατηγική Ανάλυση του Εσωτερικού Περιβάλλοντος, Εταιρική Αποστολή - Όραμα: (Αναγκαιότητα ή Πολυτέλεια), Οι Τρεις Βασικές Θεωρήσεις της Στρατηγικής, Διαμόρφωση και Είδος Στρατηγικής, Επιχειρηματική Στρατηγική Ανάπτυξης (Corporate Growth Design), Επιχειρηματική Στρατηγική Διάσωσης/ Αναστροφής (Corporate/ Turnaround/ Retrenchment Strategy), Στρατηγικές Επίτευξης Ανταγωνιστικού Πλεονεκτήματος (Business Level ή Competitive Strategies), Στρατηγική Διεθνοποίησης, Τρόποι Υλοποίησης Στρατηγικής, Στρατηγική Ανάπτυξης μέσω Εξαγορών και Συγχωνεύσεων, Στρατηγικές Συμμαχίες: Διεθνής και Ελληνική Εμπειρία, Εσωτερικές Διαδικασίες και Δυναμική Λήψης Στρατηγικών Αποφάσεων και Διαμόρφωσης Στρατηγικής, Τεχνικές Χαρτοφυλακίου για Λήψη Στρατηγικών Αποφάσεων, Σχέση Στρατηγικής και Οργανωτικής Δομής, Αξιολόγηση της Στρατηγικής, Βιβλιογραφία-Αρθογραφία. |
| 700 1# - ΠΡΟΣΘΕΤΗ ΑΝΑΓΡΑΦΗ--ΦΥΣΙΚΟ ΠΡΟΣΩΠΟ | |
| Personal name | Παπαδάκης, Βασίλης Μ. |
| 9 (RLIN) | 3508 |
| 942 ## - ADDED ENTRY ELEMENTS (KOHA) | |
| Koha item type | Books |
| Τύπος τεκμηρίου | Βιβλιοθήκη | Τρέχουσα τοποθεσία | Barcode | Αριθμός εισαγωγής | Ημερομηνία απόκτησης | Ταξιθετικό σύμβολο | Αριθμός αντιτύπου | Κατάσταση απόσυρσης | Κατάσταση χαμένου | Κατάσταση κατεστραμμένου | Μη δανεισμός | Σύνολο δανεισμών | Ημερομηνία τελευταίας εμφάνισης | Η τιμή ισχύει από |
|---|---|---|---|---|---|---|---|---|---|---|---|---|---|---|
| Books | MC Athens Campus Library | MC Athens Campus Library | 9780000050809 | 5934 | 05/06/2025 | 658.4012 PAP | 1 | 05/06/2025 | 05/06/2025 |